000 00490nam a2200181Ia 4500
005 20250326141434.0
008 250326s9999 xx 000 0 und d
037 _aTextbook
040 _aFMSL
_beng
_cFMSL
041 _aeng
_2eng
084 _qFMSL
100 _aCooper CP
_9744453
245 0 _aProgress in Tourism Recreation & Hospitality Management
_cCooper CP
260 _aLondon
_bLondon, Behaven Press,
_c1989
300 _a241p
942 _cTB
999 _c1290319
_d1290319